| 000 | 00788 a2200241 4500 | ||
|---|---|---|---|
| 003 | OSt | ||
| 005 | 20260129102200.0 | ||
| 008 | 120531t xxu||||| |||| 00| 0 eng d | ||
| 020 | _a0674079256 (cased) | ||
| 022 | _a0674079264 (pbk) | ||
| 040 | _c0 | ||
| 082 | 0 | 4 | _a720.92 |
| 100 |
_aBlunt, Anthony _933934 |
||
| 245 | 1 | 0 |
_aBorromini / _cAnthony Blunt. |
| 260 |
_aLondon : _bBelknap Press of Harvard University Press, _c1979. |
||
| 300 |
_a240p. : _bill., plans, 1 port. ; _c24cm. |
||
| 500 | _aIncludes index. | ||
| 600 | 1 | 0 |
_aBorromini, Francesco, _d1599-1667. _933935 |
| 650 | 1 | 0 |
_aArchitects _zItaly _xBiography. _933936 |
| 650 | 1 | 0 |
_aArchitecture, Baroque _zItaly. _933937 |
| 942 |
_aSADA _cBK _k720.92 BLU 1979 _2ddc |
||
| 999 |
_c352870 _d352870 |
||